[Event "Kurunegala op 11th"]
[Site "Kurunegala"]
[Date "2019.12.04"]
[Round "9"]
[White "Kumara, CMS Praneeth"]
[Black "Danawalavithana, Dwagh"]
[Result "0-1"]
[WhiteElo "1776"]
[BlackElo "1316"]
[PlyCount "93"]
[EventDate "2019.11.30"]
[EventType "swiss"]
[EventRounds "10"]
[EventCountry "SRI"]
[SourceTitle "CBM 193 Extra"]
[Source "ChessBase"]
[SourceDate "2020.01.31"]
[SourceVersion "1"]
[SourceVersionDate "2020.01.31"]
[SourceQuality "1"]

1. e4 c5 2. Nc3 Nc6 3. d3 d6 4. Be3 e6 5. f4 Nge7 6. Nf3 g6 7. g3 Bg7 8. Bg2 0-0 9. 0-0 Nd4 10. Qd2 Nec6 11. Nd1 f5 12. Ne1 e5 13. c3 Nb5 14. Nf3 Qe7 15. Nf2 Be6 16. Ng5 Bd7 17. Qc2 Kh8 18. Rae1 Nc7 19. Qd2 Rab8 20. Nf3 Nb5 21. exf5 Bxf5 22. Nh4 Be6 23. a3 Nc7 24. Ne4 Nd5 25. Ng5 Nxe3 26. Qxe3 Bg8 27. d4 cxd4 28. cxd4 Rbe8 29. dxe5 dxe5 30. Bxc6 bxc6 31. Ngf3 e4 32. Nd2 c5 33. Kh1 Bd4 34. Qe2 Bd5 35. h3 Qb7 36. Kh2 Qxb2 37. Rb1 Qc2 38. Rfc1 Qd3 39. Qe1 Bc3 40. Rxc3 Qxc3 41. Qd1 Qd3 42. Qc1 Qe2+ 43. Kg1 e3 44. Qb2+ Kg8 45. Ndf3 Bxf3 46. Qb3+ c4 47. Ra1 0-1

[Event "SRI-chB"]
[Site "Colombo"]
[Date "2018.03.02"]
[Round "3"]
[White "Alahakoon, Isuru"]
[Black "Kumara, CMS Praneeth"]
[Result "1-0"]
[WhiteElo "2091"]
[BlackElo "1839"]
[PlyCount "57"]
[EventDate "2018.03.01"]
[EventType "swiss"]
[EventRounds "10"]
[EventCountry "SRI"]
[SourceTitle "EXT 2019"]
[Source "ChessBase"]
[SourceDate "2018.10.10"]
[SourceVersion "1"]
[SourceVersionDate "2018.10.10"]
[SourceQuality "1"]

1. d4 Nf6 2. Bf4 g6 3. Nc3 Bg7 4. e4 d6 5. Qd2 0-0 6. 0-0-0 c6 7. f3 b5 8. h4 Qa5 9. Kb1 b4 10. Nce2 Be6 11. Nc1 Nbd7 12. Bh6 Bxh6 13. Qxh6 Nb6 14. Nb3 Qa4 15. h5 Rfd8 16. Bd3 Bxb3 17. axb3 Qa5 18. hxg6 fxg6 19. f4 e5 20. fxe5 dxe5 21. Rf1 Rf8 22. Nf3 Rae8 23. dxe5 Rxe5 24. Nxe5 Qxe5 25. Rxf6 Rxf6 26. Qxh7+ Kf8 27. Qh8+ Ke7 28. Rh7+ Kd6 29. Qb8+ 1-0

[Event "Negombo op 3rd"]
[Site "Negambo"]
[Date "2017.08.20"]
[Round "2"]
[White "Haththella, LI."]
[Black "Kumara, CMS Praneeth"]
[Result "0-1"]
[WhiteElo "1101"]
[BlackElo "1775"]
[PlyCount "90"]
[EventDate "2017.08.20"]
[EventType "swiss"]
[EventRounds "10"]
[EventCountry "SRI"]
[SourceTitle "CBM 180 Extra"]
[Source "ChessBase"]
[SourceDate "2017.10.06"]
[SourceVersion "1"]
[SourceVersionDate "2017.10.06"]
[SourceQuality "1"]

1. d4 g6 2. c4 Bg7 3. Nc3 d6 4. e4 Nc6 5. Be3 e5 6. d5 Nce7 7. Bd3 f5 8. f3 Nf6 9. Bg5 a6 10. Nge2 Rb8 11. Qd2 h6 12. Bh4 Bd7 13. a4 0-0 14. 0-0 g5 15. Bf2 f4 16. h3 h5 17. Rfc1 Ng6 18. Kf1 g4 19. hxg4 hxg4 20. fxg4 Nxg4 21. Ng1 Ne3+ 22. Ke1 Nxg2+ 23. Kd1 Qg5 24. Kc2 Ne3+ 25. Kb1 Ng4 26. Nf3 Qf6 27. Ka2 Kf7 28. Rh1 Rh8 29. Rag1 Rxh1 30. Rxh1 Rh8 31. Rxh8 Bxh8 32. Qe1 Qe7 33. Qg1 Bf6 34. Be2 Nxf2 35. Qxf2 b6 36. Qh2 Kg7 37. b3 Qf8 38. Nd1 Qh8 39. Qg1 Qh3 40. Qf2 Bh4 41. Nxh4 Nxh4 42. Ka3 a5 43. Bh5 Kh6 44. Be2 Qg3 45. Qf1 Bh3 0-1

[Event "SRI-chB"]
[Site "Narahenpita"]
[Date "2017.05.13"]
[Round "5"]
[White "Kumara, CMS Praneeth"]
[Black "Dabarera, GWDM"]
[Result "0-1"]
[WhiteElo "1796"]
[BlackElo "1603"]
[PlyCount "80"]
[EventDate "2017.05.12"]
[EventType "swiss"]
[EventRounds "10"]
[EventCountry "SRI"]
[SourceTitle "CBM 178 Extra"]
[Source "ChessBase"]
[SourceDate "2017.06.22"]
[SourceVersion "1"]
[SourceVersionDate "2017.06.22"]
[SourceQuality "1"]

1. e4 e5 2. Nf3 Nc6 3. Bb5 a6 4. Ba4 Nf6 5. 0-0 b5 6. Bb3 d6 7. Re1 Be7 8. c3 Na5 9. Bc2 c5 10. d3 h6 11. Nbd2 Qc7 12. Nf1 Be6 13. h3 Rc8 14. Bd2 0-0 15. Qe2 Nc6 16. Ne3 Rfd8 17. Kh2 d5 18. g4 c4 19. Nf5 cxd3 20. Bxd3 dxe4 21. Bxe4 Nxe4 22. Qxe4 Bd5 23. Nxe7+ Qxe7 24. Qf5 Bxf3 25. Bxh6 gxh6 26. Qxf3 Qg5 27. Re4 Rd2 28. b3 Ne7 29. Rae1 Ng6 30. a4 Rc2 31. R1e3 Qh4 32. Kg2 Nf4+ 33. Rxf4 exf4 34. Qxf4 R2xc3 35. axb5 Rxe3 36. Qxe3 axb5 37. Qe5 Qg5 38. Qe4 Qg6 39. Qe5 Qc6+ 40. Kg1 Qf3 0-1

[Event "SRI-chB"]
[Site "Narahenpita"]
[Date "2017.05.13"]
[Round "4"]
[White "Priyankara, Chamil Y"]
[Black "Kumara, CMS Praneeth"]
[Result "1-0"]
[WhiteElo "2034"]
[BlackElo "1796"]
[PlyCount "34"]
[EventDate "2017.05.12"]
[EventType "swiss"]
[EventRounds "10"]
[EventCountry "SRI"]
[SourceTitle "CBM 178 Extra"]
[Source "ChessBase"]
[SourceDate "2017.06.22"]
[SourceVersion "1"]
[SourceVersionDate "2017.06.22"]
[SourceQuality "1"]

1. d4 Nf6 2. c4 c5 3. d5 e5 4. Nc3 d6 5. e4 Be7 6. Be2 0-0 7. g4 Ne8 8. Be3 Bg5 9. Qd2 Bxe3 10. Qxe3 a6 11. h4 Qa5 12. f4 f6 13. f5 b5 14. Nf3 bxc4 15. Nd2 Bd7 16. Nxc4 Qc7 17. g5 Nc6 1-0